000 00360 a2200121 4500
001 ART_6110
005 20260410161618.0
008 260409a
245 1 0 _aDeterminación de costos en la actividad hotelera
100 1 _aIacomucci, Norma H.
700 1 _aGonzález Escudero, Alejandro
773 0 _tEnfoques
_g- Nº 2 (feb. 2008)
_wREV416
999 _c11305
_d11305